Nghệ thuật miêu tả chiến trân trong sử thi Đam San
Không gian văn hóa và sử thi Tây Nguyên. Nghệ thuật miêu tả chiến trận và ý nghĩa biểu đạt
Αποθηκεύτηκε σε:
| Κύριος συγγραφέας: | |
|---|---|
| Άλλοι συγγραφείς: | |
| Μορφή: | Βιβλίο |
| Γλώσσα: | Vietnamese |
| Έκδοση: |
Đà Nẵng
Đại học Sư phạm, Đại học Đà Nẵng
2012
|
| Θέματα: | |
| Ετικέτες: |
Προσθήκη ετικέτας
Δεν υπάρχουν, Καταχωρήστε ετικέτα πρώτοι!
|
| Thư viện lưu trữ: | Mạng thư viện Đại học Đà Nẵng |
|---|
| LEADER | 01562nam a2200337 4500 | ||
|---|---|---|---|
| 001 | 000016930 | ||
| 003 | 13340 | ||
| 005 | 20130111110152.0 | ||
| 008 | 130111s2012 viesd | ||
| 041 | 0 | |a vie | |
| 082 | |a 398.352 |b LÊ-D | ||
| 100 | 1 | |a Lê Thị Thu Dung | |
| 245 | 0 | |a Nghệ thuật miêu tả chiến trân trong sử thi Đam San |c Lê Thị Thu Dung |k Khóa luận tốt nghiệp | |
| 260 | |a Đà Nẵng |b Đại học Sư phạm, Đại học Đà Nẵng |c 2012 | ||
| 300 | |a 77 tr., phụ lục 3 tr. |c 29 cm. | ||
| 500 | |a Khóa luận tốt nghiệp đại học. Chuyên ngành: Cử nhân văn học | ||
| 504 | |a Mục lục đầu trang, tài liệu tham khảo tr. 73 - 74, phụ lục [13 tr.] | ||
| 520 | |a Không gian văn hóa và sử thi Tây Nguyên. Nghệ thuật miêu tả chiến trận và ý nghĩa biểu đạt | ||
| 650 | 0 | 4 | |a Văn hóa dân tộc |a Sử thi Đam San |v Khóa luận tốt nghiệp |z Đà Nẵng |
| 653 | |a Khoa Ngữ văn |a Chiến trận |a Sử thi Đam San |a Miêu tả | ||
| 700 | |a Lê Đức Luận |c T.S |e Hướng dẫn | ||
| OWN | |a LSP | ||
| AVA | |a UDN50 |b LSP |d 398.352 LÊ-D |e available |t Error 5001 Not defined in file expand_doc_bib_avail. |f 1 |g 0 |h N |i 0 |k 1 | ||
| 999 | |a From the UDN01 | ||
| AVA | |a UDN50 |b LSP |d 398.352 LÊ-D |e available |t Error 5001 Not defined in file expand_doc_bib_avail. |f 1 |g 0 |h N |i 0 |k 1 | ||
| TYP | |a Monograph | ||
| TYP | |a Printed language | ||
| 980 | |a Mạng thư viện Đại học Đà Nẵng | ||